|
|
|
|
| LEADER |
01475nam a22003974a 4500 |
| 001 |
EBC585462 |
| 003 |
MiAaPQ |
| 005 |
20200520144314.0 |
| 006 |
m o d | |
| 007 |
cr cn||||||||| |
| 008 |
051103s2006 enkab sb 001 0 eng |
| 010 |
|
|
|z 2005032079
|
| 020 |
|
|
|z 1844071871 (hbk.)
|
| 020 |
|
|
|z 184407188X (pbk.)
|
| 035 |
|
|
|a (MiAaPQ)EBC585462
|
| 035 |
|
|
|a (Au-PeEL)EBL585462
|
| 035 |
|
|
|a (CaPaEBR)ebr10420040
|
| 035 |
|
|
|a (CaONFJC)MIL278924
|
| 035 |
|
|
|a (OCoLC)670411546
|
| 040 |
|
|
|a MiAaPQ
|c MiAaPQ
|d MiAaPQ
|
| 050 |
|
4 |
|a HC79.E5
|b P4435 2006
|
| 082 |
0 |
4 |
|a 307.74
|2 22
|
| 245 |
0 |
4 |
|a The peri-urban interface
|h [electronic resource] :
|b approaches to sustainable natural and human resource use /
|c edited by Duncan McGregor, David Simon and Donald Thompson.
|
| 260 |
|
|
|a London ;
|a Sterling, VA :
|b Earthscan,
|c 2006.
|
| 300 |
|
|
|a xxiii, 336 p. :
|b ill., maps.
|
| 504 |
|
|
|a Includes bibliographical references and index.
|
| 533 |
|
|
|a Electronic reproduction. Ann Arbor, MI : ProQuest, 2015. Available via World Wide Web. Access may be limited to ProQuest affiliated libraries.
|
| 650 |
|
0 |
|a Sustainable development.
|
| 650 |
|
0 |
|a Urbanization.
|
| 650 |
|
0 |
|a Land use.
|
| 655 |
|
4 |
|a Electronic books.
|
| 700 |
1 |
|
|a McGregor, Duncan F. M.
|
| 700 |
1 |
|
|a Simon, David,
|d 1957-
|
| 700 |
1 |
|
|a Thompson, Donald A.
|
| 710 |
2 |
|
|a ProQuest (Firm)
|
| 856 |
4 |
0 |
|u https://ebookcentral.proquest.com/lib/matrademy/detail.action?docID=585462
|z Click to View
|